000
00254nam a2200109Ia 4500
005
20251222155047.0
008
251222s9999||||xx |||||||||||||| ||spa||
082
_a
ADM.68
245
0
_a
Código de ética y deontología
264
_b
No tiene
942
_c
LIB
999
_c
37150
_d
37150